|
|
|
|
| LEADER |
01099cam a2200277 7i4500 |
| 001 |
0000077219 |
| 005 |
20230413090000.0 |
| 020 |
|
|
|a 9781003248071 (electronic book)
|
| 090 |
0 |
0 |
|a QA901
|b .M87 2023
|
| 100 |
1 |
|
|a Murugesan, Krishnan
|
| 245 |
1 |
0 |
|a Modeling and simulation in thermal and fluids engineering
|c Krishnan Murugesan.
|
| 264 |
|
|
|a Boca Raton, FL:
|b CRC Press,
|c 2023.
|
| 300 |
|
|
|a 1 online resource (xvii, 351 pages):
|b text file, PDF.
|
| 336 |
|
|
|a text
|2 rdacontent
|
| 337 |
|
|
|a computer
|2 rdamedia
|
| 338 |
|
|
|a online resource
|2 rdacarrier
|
| 650 |
|
0 |
|a Fluid mechanics --
|x Computer simulation
|
| 650 |
|
0 |
|a Fluid mechanics --
|x Mathematical models
|
| 650 |
|
0 |
|a Heat engineering --
|x Computer simulation
|
| 650 |
|
0 |
|a Heat engineering --
|x Mathematical models
|
| 655 |
|
0 |
|a Electronic books
|
| 856 |
4 |
2 |
|u http://library.unisel.edu.my/web/guest/mylibrary
|
| 997 |
|
|
|a Engineering & Life Sciences, Faculty
|b Engineering, Department
|
| 998 |
|
|
|a Mechanical Engineering, Degree
|
| 998 |
|
|
|a Mechanical Engineering, Diploma
|
| 999 |
|
|
|a EBO0019902
|b EBOOK
|c EBOOK
|e Electronic resources
|